Innovation and Entrepreneurship in the Academia

Salvato in:
Dettagli Bibliografici
Altri autori: Lehmann, Erik E., Meoli, Michele, Paleari, Stefano
Natura: Libro
Lingua:inglese
Pubblicazione: Abingdon Routledge/Taylor & Francis Group 2022
Edizione:1st Edition
Soggetti:
Tags: Aggiungi Tag
Nessun Tag, puoi essere il primo ad aggiungerne!!

MARC

LEADER 00000nam a2200000 4500
001 0304305
005 20241211101725.7
020 |a 978-1-032-15879-2 
020 |a 978-1-032-15878-5 
041 0 |a eng 
044 |a GB 
245 1 0 |a Innovation and Entrepreneurship in the Academia  |c edited by Erik E. Lehmann, Michele Meoli and Stefano Paleari 
250 |a 1st Edition 
264 1 |a Abingdon  |b Routledge/Taylor & Francis Group  |c 2022 
300 |a 164 s. 
610 2 0 |a univerzity 
610 2 0 |a vzdelávanie vysokoškolské 
610 2 0 |a výskum vedecký 
700 1 |a Lehmann, Erik E. 
700 1 |a Meoli, Michele 
700 1 |a Paleari, Stefano